[Event "AUTO-ADV-2572"]
[Site "http://www.queenalice.com/game.php?id=1133077"]
[Date "2012.12.20"]
[Round "2"]
[White "jwb"]
[Black "kripton"]
[Result "0-1"]
[WhiteElo "1860"]
[BlackElo "2140"]

1. d4 d5 2. Nf3 Nf6 3. Bf4 c5 4. c3 Qb6 5. Qc2 Nc6 6. e3 g6 7. Bd3 c4 8. Be2 Bf5
9. Qc1 Bg7 10. Nbd2 Ne4 11. O-O Qa5 12. Nh4 Be6 13. f3 Nxd2 14. Qxd2 h6 15. Be5
Nxe5 16. dxe5 g5 17. f4 gxh4 18. f5 Bd7 19. f6 exf6 20. exf6 Bf8 21. Rfd1 Be6
22. Qd4 O-O-O 23. Qxh4 Qb6 24. Kf2 Bc5 25. Bg4 Bxe3+ 26. Kf3 Bg5 27. Qh5 Qe3#
0-1

[Event "Challenge"]
[Site "http://www.queenalice.com/game.php?id=1136413"]
[Date "2013.1.2"]
[Round "-"]
[White "ATeixeira"]
[Black "kripton"]
[Result "0-1"]
[WhiteElo "2155"]
[BlackElo "2121"]

1. e4 c5 2. Nf3 a6 3. d4 cxd4 4. Nxd4 Nf6 5. Nc3 e5 6. Nb3 Bb4 7. f3 d5 8. exd5
Nxd5 9. Bd2 Nxc3 10. bxc3 Bd6 11. Bd3 O-O 12. O-O Qc7 13. Qe1 f5 14. Qh4 Be6 15.
Kh1 Nd7 16. Rab1 Rae8 17. Rfe1 Nf6 18. c4 Rf7 19. c5 Be7 20. Qa4 Bxc5 21. Nxc5
Qxc5 22. Be3 Qd5 23. Rb6 Qxa2 24. Qxa2 Bxa2 25. Ra1 Be6 26. Bf2 g6 27. Rab1 Bd5
28. c4 Bc6 29. c5 Rc7 30. Bc4+ Kg7 31. Be1 Nd7 0-1

[Event "Challenge"]
[Site "http://www.queenalice.com/game.php?id=1136414"]
[Date "2013.1.2"]
[Round "-"]
[White "kripton"]
[Black "ATeixeira"]
[Result "1/2-1/2"]
[WhiteElo "2120"]
[BlackElo "2156"]

1. c4 Nf6 2. g3 e6 3. Bg2 Be7 4. d4 d5 5. Nf3 O-O 6. O-O c6 7. Qc2 Nbd7 8. Nbd2
Qc7 9. e4 dxe4 10. Nxe4 e5 11. dxe5 Nxe5 12. Bf4 Nxf3+ 13. Bxf3 Qa5 14. c5 Nxe4
15. Bxe4 f5 16. Bg2 Qxc5 17. Qb3+ Kh8 18. Rac1 Qb4 19. Qc2 Be6 20. Rfe1 Bxa2 21.
Bd2 Qd6 22. Bf4 Qb4 23. Bd2 Qd6 24. Bf4 Qb4 25. Bd2 1/2-1/2

[Event "AUTO-ADV-2566"]
[Site "http://www.queenalice.com/game.php?id=1146717"]
[Date "2013.1.29"]
[Round "2"]
[White "kripton"]
[Black "favazza2007"]
[Result "1-0"]
[WhiteElo "2144"]
[BlackElo "1926"]

1. c4 e6 2. g3 d5 3. Bg2 dxc4 4. Na3 Bxa3 5. bxa3 c6 6. Nf3 Nf6 7. Qc2 b5 8. a4
Bb7 9. Ba3 Nbd7 10. O-O Rb8 11. Rab1 a6 12. Rfd1 c5 13. axb5 axb5 14. Rxb5 Bxf3
15. Rxb8 Qxb8 16. Bxf3 O-O 17. Qxc4 Nd5 18. Bxd5 exd5 19. Qxd5 Rd8 20. Bxc5 Nf6
21. Qb3 Qa8 22. Rb1 h6 23. d3 Re8 24. e4 Nh7 25. Be3 Nf8 26. a4 Ne6 27. Qb5 Nc7
28. Qb7 Qxb7 29. Rxb7 Ne6 30. a5 Ra8 31. Ra7 Rd8 32. a6 Rxd3 33. Rb7 Kh7 34. a7
Ra3 35. Rb8 Nc7 36. Rc8 Rxa7 37. Bxa7 Ne6 38. Be3 f6 39. f4 h5 40. h4 1-0

[Event "AUTO-ADV-2566"]
[Site "http://www.queenalice.com/game.php?id=1146718"]
[Date "2013.1.29"]
[Round "2"]
[White "favazza2007"]
[Black "kripton"]
[Result "0-1"]
[WhiteElo "1933"]
[BlackElo "2147"]

1. d4 d5 2. Nf3 Nf6 3. Nc3 Bg4 4. h3 Bh5 5. g4 Bg6 6. Bg2 h6 7. Bf4 c6 8. Ne5
Bh7 9. O-O e6 10. e3 Bd6 11. Rc1 Qc7 12. Nd3 Nbd7 13. Bxd6 Qxd6 14. Qf3 Ne4 15.
Qe2 Nxc3 16. bxc3 Qa3 17. Qd2 O-O 18. Rb1 Rfb8 19. Rb3 Qxa2 20. Nb4 Qa5 21. Rfb1
Qc7 22. f4 a5 23. Nd3 a4 24. Ra3 b5 25. Ne5 Nb6 26. Bf1 Be4 27. Bg2 f6 28. Bxe4
dxe4 29. Ng6 Nc4 30. Qc1 Kf7 31. Nh4 Nxa3 32. Qxa3 Qe7 33. Qa2 Qd6 34. Ng2 Qd5
35. Qb2 a3 36. Qb3 Qxb3 37. cxb3 a2 38. Ra1 Ra3 39. Ne1 Rba8 40. c4 bxc4 41.
bxc4 Rxe3 42. Kf2 Rxh3 43. Kg2 Rb3 44. Nc2 Rb2 0-1

[Event "AUTO-ADV-2566"]
[Site "http://www.queenalice.com/game.php?id=1146719"]
[Date "2013.1.29"]
[Round "2"]
[White "kripton"]
[Black "THECRAZY"]
[Result "1-0"]
[WhiteElo "2243"]
[BlackElo "1986"]

1. c4 Nf6 2. g3 g6 3. Bg2 Bg7 4. d4 O-O 5. Nf3 d6 6. O-O Bg4 7. h3 Bc8 8. Nc3
Nc6 9. e4 e5 10. d5 Ne7 11. Ne1 Nh5 12. Nd3 c5 13. g4 Nf4 14. Nxf4 exf4 15. Bxf4
Re8 16. Qc2 a6 17. Rfe1 Bd7 18. Bxd6 Qb6 19. Bg3 Qb4 20. Bf1 Bd4 21. Bc7 Rac8
22. a3 Ba4 23. Nxa4 Qxe1 24. Rxe1 Rxc7 25. d6 Rd7 26. dxe7 Rdxe7 27. Kg2 b5 28.
cxb5 axb5 29. Nc3 Bxc3 30. Qxc3 c4 31. Qb4 Re5 32. f4 Rxe4 33. Rxe4 Rxe4 34.
Qxb5 h6 35. Bxc4 Kg7 36. Qe5+ Rxe5 37. fxe5 f5 38. a4 f4 39. a5 h5 40. g5 1-0

[Event "AUTO-ADV-2566"]
[Site "http://www.queenalice.com/game.php?id=1146720"]
[Date "2013.1.29"]
[Round "2"]
[White "THECRAZY"]
[Black "kripton"]
[Result "0-1"]
[WhiteElo "1966"]
[BlackElo "2185"]

1. d4 d5 2. c4 e6 3. Nc3 c5 4. e3 Nf6 5. Qb3 Nc6 6. Nf3 a6 7. cxd5 exd5 8. g3
Bd6 9. Nxd5 cxd4 10. Bd2 dxe3 11. Qxe3+ Be6 12. Bc3 Nxd5 13. Qe4 Nxc3 14. bxc3
Qf6 15. Rd1 Bc5 16. Rd3 O-O 17. Bg2 Bf5 18. Qc4 Rfe8+ 19. Kd2 Bxd3 20. Kxd3
Qxf3+ 21. Bxf3 Ne5+ 22. Kc2 Nxc4 23. Bxb7 Na3+ 24. Kb2 Rab8 0-1

[Event "Challenge"]
[Site "http://www.queenalice.com/game.php?id=1154970"]
[Date "2013.2.23"]
[Round "-"]
[White "kripton"]
[Black "PROFILER"]
[Result "0-1"]
[WhiteElo "2252"]
[BlackElo "2191"]

1. d4 Nf6 2. Nf3 g6 3. c4 Bg7 4. g3 O-O 5. Bg2 d6 6. O-O Nbd7 7. Nc3 e5 8. e4
exd4 9. Nxd4 Re8 10. h3 a6 11. Be3 Rb8 12. b3 c5 0-1

[Event "Challenge"]
[Site "http://www.queenalice.com/game.php?id=1154971"]
[Date "2013.2.23"]
[Round "-"]
[White "kripton"]
[Black "PROFILER"]
[Result "0-1"]
[WhiteElo "2238"]
[BlackElo "2205"]

1. d4 d5 2. Nf3 Nc6 3. g3 Bg4 4. Nbd2 Qd7 5. h3 Bf5 6. c3 f6 7. Nh4 e5 8. Nxf5
Qxf5 9. Bg2 O-O-O 10. e4 dxe4 11. Bxe4 Qd7 12. Qf3 Nge7 0-1

[Event "AUTO-OPEN-2732"]
[Site "http://www.queenalice.com/game.php?id=1155441"]
[Date "2013.2.25"]
[Round "3"]
[White "Suso71"]
[Black "kripton"]
[Result "1-0"]
[WhiteElo "2681"]
[BlackElo "2199"]

1. e4 c5 2. Nf3 a6 3. c4 e6 4. Nc3 Qc7 5. d4 cxd4 6. Nxd4 Nf6 7. a3 Nxe4 8. Nxe4
Qe5 9. Bd3 Qxd4 10. Qe2 f5 11. Nc3 Nc6 12. Bxf5 Ne5 13. O-O d6 14. Be4 Qxc4 15.
Qd1 Be7 16. Be3 O-O 17. Rc1 Bd7 18. b3 Qc8 19. Nd5 Qd8 20. Bb6 Qe8 21. Nc7 1-0

[Event "AUTO-OPEN-2732"]
[Site "http://www.queenalice.com/game.php?id=1155442"]
[Date "2013.2.25"]
[Round "3"]
[White "kripton"]
[Black "Suso71"]
[Result "0-1"]
[WhiteElo "2244"]
[BlackElo "2692"]

1. d4 c6 2. c4 d5 3. Nf3 Nf6 4. e3 a6 5. Bd3 Bg4 6. Nbd2 e6 7. O-O Nbd7 8. Qc2
Be7 9. b3 Bh5 10. Bb2 Bg6 11. e4 dxe4 12. Nxe4 Nxe4 13. Bxe4 Bxe4 14. Qxe4 O-O
15. Rfe1 Nf6 16. Qe3 Qc7 17. Rad1 a5 18. a3 Rfe8 19. Ne5 Nd7 20. Qf3 Nxe5 21.
Rxe5 Rad8 22. Re3 Rd7 23. a4 Red8 0-1

[Event "Challenge"]
[Site "http://www.queenalice.com/game.php?id=1157720"]
[Date "2013.3.4"]
[Round "-"]
[White "jovelino"]
[Black "kripton"]
[Result "0-1"]
[WhiteElo "2084"]
[BlackElo "2190"]

1. e4 c5 2. f4 d5 3. exd5 Nf6 4. Bc4 Nxd5 5. d3 e6 6. Nf3 Nc6 7. O-O Be7 8. Ne5
Bd7 9. Qg4 Bf6 10. Bxd5 exd5 11. Nxd7 Qxd7 12. Qxd7+ Kxd7 13. Nc3 Nb4 14. Bd2
Nxc2 15. Rac1 Nb4 16. a3 Nxd3 17. Nxd5 Bd4+ 18. Be3 Bxe3+ 19. Nxe3 Nxc1 20. Rxc1
Rac8 21. Nc4 f6 22. Rd1+ Kc7 23. Rd5 b6 24. Nd6 Rcd8 25. Nb5+ Kb7 0-1

[Event "Challenge"]
[Site "http://www.queenalice.com/game.php?id=1157721"]
[Date "2013.3.4"]
[Round "-"]
[White "kripton"]
[Black "jovelino"]
[Result "1-0"]
[WhiteElo "2217"]
[BlackElo "2111"]

1. d4 Nf6 2. Nf3 e6 3. g3 b6 4. Bg2 Bb7 5. O-O Be7 6. c4 c5 7. d5 exd5 8. Nh4 d6
9. cxd5 Qd7 10. e4 O-O 11. Nf5 g6 12. Nxe7+ Qxe7 13. Nc3 Kg7 14. Be3 h5 15. h3
Ba6 16. Re1 Nbd7 17. Qa4 Bb7 18. Rad1 a6 19. Bg5 Qe8 20. Qc2 Nh7 21. Bf4 Qb8 22.
a4 Re8 23. Bc1 Bc8 24. f4 f6 25. Qe2 f5 26. Qd3 Ndf6 27. e5 dxe5 28. fxe5 Rxe5
29. Bf4 Rxe1+ 30. Rxe1 Qa7 31. d6 Bd7 32. Re7+ Kh8 33. Bxa8 Qxa8 34. Be5 Kg8 35.
Qc4+ 1-0

[Event "Challenge"]
[Site "http://www.queenalice.com/game.php?id=1161035"]
[Date "2013.3.15"]
[Round "-"]
[White "lincolnmarley"]
[Black "kripton"]
[Result "0-1"]
[WhiteElo "1711"]
[BlackElo "2184"]

1. e4 c5 2. Nf3 a6 3. d4 cxd4 4. Nxd4 Nf6 5. Nc3 e5 6. Nb3 Bb4 7. Bd3 d5 8. O-O
Bxc3 9. bxc3 dxe4 10. Be2 O-O 11. Bg5 Qe7 12. f4 exf4 13. Rxf4 Qe5 14. Qf1 Qxg5
0-1

[Event "AUTO-OPEN-2733"]
[Site "http://www.queenalice.com/game.php?id=1164166"]
[Date "2013.3.24"]
[Round "3"]
[White "Meauxchess"]
[Black "kripton"]
[Result "0-1"]
[WhiteElo "2435"]
[BlackElo "2198"]

1. Nf3 d5 2. d4 Nf6 3. Bf4 c5 4. dxc5 e6 5. e3 Bxc5 6. c4 Nc6 7. Nc3 O-O 8. Be2
dxc4 9. Bxc4 a6 10. O-O b5 11. Bb3 Bb7 12. Nxb5 axb5 0-1

[Event "AUTO-OPEN-2733"]
[Site "http://www.queenalice.com/game.php?id=1164167"]
[Date "2013.3.24"]
[Round "3"]
[White "kripton"]
[Black "Meauxchess"]
[Result "1-0"]
[WhiteElo "2226"]
[BlackElo "2424"]

1. d4 d5 2. c4 e6 3. Nf3 Nf6 4. g3 Nc6 5. Bg2 dxc4 6. Qa4 Bd6 7. Nbd2 O-O 8.
Nxc4 Be7 9. Ncd2 Bd7 10. Qc4 Na5 11. Qc2 Rc8 12. Qb1 Bb5 13. a3 Nb3 14. Nxb3 1-0

[Event "Challenge"]
[Site "http://www.queenalice.com/game.php?id=1169782"]
[Date "2013.4.9"]
[Round "-"]
[White "leoskye"]
[Black "kripton"]
[Result "0-1"]
[WhiteElo "1993"]
[BlackElo "2247"]

1. b3 d5 2. Bb2 Nf6 3. Nf3 Bf5 4. g3 e6 5. Bg2 c5 6. d3 Nc6 7. Nbd2 Be7 8. O-O
Qc7 9. Re1 Rd8 10. e3 h6 11. Qe2 O-O 12. h3 Bh7 13. e4 dxe4 14. dxe4 Rd7 15. e5
Nd5 16. a3 Bxc2 17. Rac1 Bg6 18. Nh2 Qb6 19. Kh1 Rfd8 20. Nhf1 Nc7 21. Red1 Na5
22. Nc4 Qa6 23. Rxd7 Rxd7 24. Nxa5 Qxe2 0-1

[Event "OS INCLIVEIS"]
[Site "http://www.queenalice.com/game.php?id=1180047"]
[Date "2013.5.9"]
[Round "-"]
[White "adelio"]
[Black "kripton"]
[Result "0-1"]
[WhiteElo "1798"]
[BlackElo "2251"]

1. b4 d5 2. b5 a6 3. d4 axb5 4. e4 c6 5. e5 Bf5 6. g4 Be4 7. f3 Bg6 8. h4 h5 9.
g5 e6 10. a3 Qb6 11. Ra2 Ne7 12. Ne2 Nf5 13. c3 Nxd4 14. Nd2 Nf5 15. Nd4 Nxd4
16. cxd4 Qxd4 17. Rh2 Qxe5+ 18. Re2 Qg3+ 19. Rf2 Qxh4 20. f4 Bc5 21. Nf3 Qg3 22.
Nd4 Qc3+ 23. Qd2 Bxd4 24. Qxc3 Bxc3+ 25. Bd2 Bxd2+ 26. Raxd2 Rxa3 27. Be2 Bf5
28. Rf3 Rxf3 29. Bxf3 Kd7 30. Kf2 Kd6 31. Ke3 g6 32. Kd4 c5+ 33. Ke3 Na6 34. Kf2
Ra8 35. Kg3 Nb4 36. Kh4 Ra3 37. Bg2 Nd3 38. Kg3 Nxf4+ 39. Kxf4 e5# 0-1